| 000 | 01008nab a22002297a 4500 | ||
|---|---|---|---|
| 999 |
_c5377 _d5377 |
||
| 003 | OSt | ||
| 005 | 20250306134243.0 | ||
| 008 | 190603e xxum|||| |||| 00| 0 spa d | ||
| 040 | _cPJ | ||
| 100 |
_96406 _aMarcos, Guillermo Andrés |
||
| 245 | 1 | 0 |
_aQuiebra de consumidores y de no consumidores endeudados excesivamente / _cGuillermo Andrés Marcos. |
| 260 |
_cCiudad Autónoma de Buenos Aires : _aThomson Reuters La Ley, _b2024. |
||
| 300 | _ap. 292-296. | ||
| 500 | _aCita Online: TR LALEY AR/DOC/1748/2024. | ||
| 505 | _aFallo comentado: CCiv. y Com., Azul, sala II ~ 22/02/2024 ~ Sosa, Fernando Ariel s/ quiebra (pequeña). | ||
| 505 | _t¿Te interesa el texto completo? Solicitalo al correo: koha@justierradelfuego.gov.ar | ||
| 650 | 0 |
_92597 _aDEFENSA DEL CONSUMIDOR |
|
| 650 | 0 |
_91737 _aCONCURSOS |
|
| 650 | 0 |
_aQUIEBRA _91739 |
|
| 773 | 0 |
_02713 _93170 _dCiudad Autónoma de Buenos Aires : Thomson Reuters La Ley, 2015- _tRevista Código Civil y Comercial. Nº 4 - Agosto 2024 |
|
| 942 |
_2udc _cANA |
||